000 00311nam a22001337a 4500
008 171010b xxu||||| |||| 00| 0 eng d
020 _a9780465097081
041 _aeng
080 _a159.9
100 _a49
101 _aPSI
245 _aTHREE ESSAYS ON THE THEORY OF SUXUALITY
_cSTRACHEY,J
942 _2udc
_cBK
999 _c32885
_d32885